Experimentos de Química

Guardat en:
Dades bibliogràfiques
Autor principal: García Quismondo Fernández, Julián (Autor)
Format: Llibre
Idioma:espanyol
Publicat: Madrid AKAL 1990
Col·lecció:<El >Mochuelo pensativo
Matèries:
Etiquetes: Afegir etiqueta
Sense etiquetes, Sigues el primer a etiquetar aquest registre!

MARC

LEADER 00000nam a2200000 a 4500
001 UCH5497
003 CL-VaPUC
008 091014e19900000SP |||||||||||||||||spa|d
020 |a 8476004974 
082 0 4 |a 542  |b GAR  |2 21 
100 |a García Quismondo Fernández, Julián  |e author  |9 539738 
245 1 0 |a Experimentos de Química 
300 |a 71 p 
942 |c BK 
945 |d 20091014 00:00:00  |a ccalabra 
260 |a Madrid  |b AKAL  |c 1990 
650 0 |a Ciencias  |9 327866 
650 0 |a Educación  |9 258661 
650 7 |a EXPERIMENTOS CIENTIFICOS  |2 CL-VaPUC  |9 320167 
650 0 |a Química  |9 259896 
583 |a last modification  |c 20091014 00:00:00  |k Rodrigo Vera 
490 0 |a <El >Mochuelo pensativo 
999 |c 336628  |d 336626